Análise técnica e econômica de dois subsistemas de colheita de madeira de toras curtas (Registro n. 340352)
[ somente texto ]
| 000 -LÍDER | |
|---|---|
| fixed length control field | 03842nab a2200325 i 4500 |
| 003 - CÓDIGO MARC DA AGÊNCIA CATALOGADORA | |
| Campo de controle | BR-BrBNA |
| 005 - DATA E HORA DA ÚLTIMA ATUALIZAÇÃO | |
| Campo de controle | 20260311112138.0 |
| 008 - CAMPO DE TAMANHO FIXO | |
| fixed length control field | 260311b2018 bl.qr|pooa||| 00| 0 por | |
| 040 ## - FONTE DA CATALOGAÇÃO | |
| Agência catalogadora | BR-BrBNA |
| Idioma da catalogação | por |
| 072 ## - CATEGORIA AGRIS | |
| Código AGRIS | E16 |
| 072 ## - CATEGORIA AGRIS | |
| Código AGRIS | K50 |
| 100 ## - ENTRADA PRINCIPAL - NOME PESSOAL | |
| Nome pessoal | Santos, Diego Weslly Ferreira do Nascimento |
| 100 ## - ENTRADA PRINCIPAL - NOME PESSOAL | |
| Nome pessoal | Fernandes, Haroldo Carlos |
| 100 ## - ENTRADA PRINCIPAL - NOME PESSOAL | |
| Nome pessoal | Valente, Domingos Sárvio Magalhães |
| 100 ## - ENTRADA PRINCIPAL - NOME PESSOAL | |
| Nome pessoal | Leite, Elton da Silva |
| 245 ## - TÍTULO PRINCIPAL | |
| Título principal | Análise técnica e econômica de dois subsistemas de colheita de madeira de toras curtas |
| 500 ## - NOTA GERAL | |
| Nota geral | <br/><br/>Publicação online; 21 ref.; 4 tables; Summaries (En, Pt) |
| 942 ## - ADDED ENTRY ELEMENTS (KOHA) | |
| Koha item type | Analítica |
| 520 ## - NOTA DE RESUMO | |
| Nota de conteúdo | <br/><br/><br/>RESUMO: Objetivou-se com o presente trabalho realizar uma análise técnica e econômica de dois subsistemas de colheita florestal de toras curtas. O subsistema 1 era composto por harvester e forwarder, já o subsistema 2 era formado pelas máquinas feller-buncher, harvester e forwarder. A partir da análise técnica foi determinado o rendimento das máquinas, eficiência operacional e disponibilidade mecânica. A análise econômica baseou-se na determinação do custo operacional, custo de produção e taxa interna de retorno. O subsistema 2 apresentou maior rendimento por hora efetiva de trabalho. Os valores de disponibilidade mecânica e eficiência operacional não foram afetados pela composição do subsistema, sendo os mesmos considerados satisfatórios. O subsistema 2 apresentou maiores valores de custo operacional (US$ 254,02 he-1) e custo de produção (US$ 5,16 m-3). O subsistema 1 demonstrou ser mais eficiente, tanto técnica como economicamente, na colheita de madeira. Já o módulo constituído por feller-buncher, harvester e forwarder apresentou alto rendimento, custo de produção competitivo e alta taxa interna de retorno. Índices que o indicam como alternativa a ser empregada no sistema de colheita florestal de toras curtas. <br/><br/><br/><br/>Palavras-chave: custos; desempenho operacional; mecanização floresta |
| 520 ## - NOTA DE RESUMO | |
| Nota de conteúdo | <br/><br/><br/>ABSTRACT: The objective of this study was carry out a technical and economic analysis of two subsystems of forest harvesting of cut to length. The subsystem 1 consisted of harvester and forwarder, since the subsystem 2 was formed by the machines feller-buncher, harvester and forwarder. From the technical analysis it was determined the performance of the machinery, operational efficiency and mechanical availability. The economic analysis was based on the determination of the operating cost, production cost and internal rate of return. The subsystem 2 has a higher yield per effective hour of work. The mechanical values availability and operational efficiency were not affected by the subsystem composition, and the same satisfactory. The subsystem 2 showed the highest values of operating cost (US$ 254.02 he-1) and production cost (US$ 5.16 m-3). The subsystem 1 proved to be more efficient, both technically and economically, in wood harvesting, but the module consists of feller-buncher, harvester and forwarder presented high performance, cost competitive production and high internal rate of return, indices that indicate the same as an alternative to be used in forest harvesting cut to lenght system. <br/><br/><br/><br/>Key words: costs; operational performance; forest mechanization |
| 650 ## - ASSUNTO - THESAGRO | |
| Cabeçalho tópico ou nome geográfico | FLORESTA |
| 650 ## - ASSUNTO - THESAGRO | |
| Cabeçalho tópico ou nome geográfico | MADEIRA |
| 650 ## - ASSUNTO - THESAGRO | |
| Cabeçalho tópico ou nome geográfico | MECANIZAÇÃO |
| 650 ## - ASSUNTO - THESAGRO | |
| Cabeçalho tópico ou nome geográfico | TORA |
| 650 ## - ASSUNTO - THESAGRO | |
| Cabeçalho tópico ou nome geográfico | ANÁLISE ECONÔMICA |
| 650 ## - ASSUNTO - THESAGRO | |
| Cabeçalho tópico ou nome geográfico | CUSTO OPERACIONAL |
| 773 0# - ENTRADA ANALÍTICA | |
| Host Biblionumber | 4656 |
| Registro do item | 360535 |
| Imprenta | Recife-PE Universidade Federal Rural de Pernambuco 2006 |
| Outro identificador | 2026-0919 |
| Título | Revista Brasileira de Ciências Agrárias (Brazil) |
| ISSN | 1981-1160 |
| Colação | v. 13(2) p. 1-6; (2018) |
| Número de controle de registro | BR2025005666 |
| 856 ## - ACESSO E ENDEREÇO ELETRÔNICO | |
| Identificador uniforme de recurso - URI | http://www.agraria.pro.br/ojs32/index.php/RBCA/article/view/v13i2a5516/332 |
Nenhum exemplar disponível.

BINAGRI